[Event "Kaissa Open"]
[Site "Kharkov UKR"]
[Date "2002.01.25"]
[Round "4"]
[White "Nester,I"]
[Black "Zavgorodniy,S"]
[Result "1-0"]
[WhiteElo "2293"]
[BlackElo "2407"]

1.Nf3 Nf6 2.c4 e6 3.g3 d5 4.d4 Be7 5.Bg2 O-O 6.O-O dxc4 7.Ne5 Nc6 8.Nxc6 bxc6
9.Na3 Bxa3 10.bxa3 Rb8 11.Qa4 Qxd4 12.Be3 Qb2 13.Qxc4 Nd5 14.Bxa7 Ra8 15.Bc5 Ba6
16.Qh4 Rfe8 17.Rfe1 Bxe2 18.Rac1 Bd3 19.Bd4 Qb5 20.Qg4 Bg6 21.h4 h5 22.Qg5 Ra4
23.Ba1 Kh7 24.Bf1 Qa5 25.Bd3 Ne7 26.Re5 Qb6 27.Rxe6 fxe6 28.Qxh5+ Kg8 29.Qe5  1-0

[Event "Kaissa Open"]
[Site "Kharkov UKR"]
[Date "2002.01.26"]
[Round "5"]
[White "Grinblat,D"]
[Black "Guliaev,B"]
[Result "1/2-1/2"]
[WhiteElo "2396"]
[BlackElo "2329"]

1.d4 Nf6 2.Nf3 d5 3.c4 e6 4.g3 Be7 5.Bg2 O-O 6.O-O dxc4 7.Qc2 a6 8.Qxc4 b5
9.Qc2 Bb7 10.Bd2 Be4 11.Qc1 Bb7 12.Rd1 Qc8 13.b4 Nc6 14.Qb2 a5 15.bxa5 Nxa5
16.Na3 Bd5 17.Bb4 Bxb4 18.Qxb4 Nc6 19.Qb2 Ra4 20.Nc2 Qa6 21.a3 Ra8 22.Rdb1 Rb8
23.Nfe1 Qb6 24.Rd1 h6 25.e3 Na5 26.Nd3 Nc4 27.Qc3 Bxg2 28.Kxg2 Qc6+ 29.Kg1 Ne4
30.Ndb4 Qa8 31.Qb3 Ned2 32.Qc3 Nf3+ 33.Kf1 Nxh2+ 34.Kg1 Nf3+ 35.Kf1 Qe4 36.Rd3 Ng5
37.Ne1 Qh1+ 38.Ke2 Qh5+ 39.Kf1 Ne4  1/2-1/2

[Event "39th BPCL ch-IND"]
[Site "Nagpur IND"]
[Date "2002.01.30"]
[Round "14"]
[White "Harikrishna,P"]
[Black "Vijayalakshmi,S"]
[Result "1-0"]
[WhiteElo "2525"]
[BlackElo "2399"]

1.d4 Nf6 2.c4 e6 3.g3 Be7 4.Bg2 d5 5.Nf3 O-O 6.O-O b6 7.cxd5 exd5 8.Nc3 Bb7
9.Bf4 a6 10.Rc1 Nbd7 11.Nh4 g6 12.Bxc7 Qe8 13.Nf3 Ne4 14.Bf4 f5 15.Qb3 Qf7
16.Nxe4 dxe4 17.Qxf7+ Rxf7 18.Ng5 Bxg5 19.Bxg5 Bd5 20.b3 Nf8 21.Bf4 a5 22.Rc3 a4
23.Rfc1 axb3 24.axb3 Ne6 25.Be5 Ra2 26.Bf1 Rb2 27.h4 b5 28.e3 b4 29.Rc8+ Rf8
30.Rxf8+ Kxf8 31.Bd6+ Kf7 32.Bxb4 Rxb3 33.Bd6 g5 34.Ra1 Rb6 35.Be5 g4 36.Ra5 Bb3
37.d5 Nf8 38.Ra7+ Ke8 39.Bc7 Rg6 40.Bb5+ Kf7 41.h5 Rf6 42.Be5+  1-0

[Event "It"]
[Site "Bijeljina Dvorovi YUG"]
[Date "2002.01.31"]
[Round "6"]
[White "Bogdanovski,V"]
[Black "Savanovic,A"]
[Result "1-0"]
[WhiteElo "2435"]
[BlackElo "2428"]

1.d4 d5 2.c4 e6 3.Nf3 Nf6 4.g3 Be7 5.Bg2 O-O 6.Qc2 b6 7.O-O Bb7 8.cxd5 exd5
9.Nc3 Na6 10.Rd1 Qc8 11.Bf4 Rd8 12.Rac1 h6 13.Nh4 Bf8 14.Nf5 c5 15.Be5 Qe6
16.Bh3 Qc6 17.Qb1 Ne4 18.Bxg7 Bc8 19.Bxf8 Kxf8 20.Nxe4  1-0

[Event "TCh-ISR"]
[Site "ISR"]
[Date "2002.02.02"]
[Round "4"]
[White "Shvidler,E"]
[Black "Gerzhoy,L"]
[Result "1/2-1/2"]
[WhiteElo "2451"]
[BlackElo "2332"]

1.d4 Nf6 2.Nf3 e6 3.g3 d5 4.c4 Be7 5.Bg2 O-O 6.O-O dxc4 7.Qc2 a6 8.Qxc4 b5
9.Qc2 Bb7 10.Bf4 Nc6 11.Rd1 Nb4 12.Qc1 Rc8 13.Nc3 Nbd5 14.Nxd5 Bxd5 15.Be3 c6
16.Ne1 Bxg2 17.Nxg2 Nd5 18.Ne1 Bf6 19.Qd2 Qb6 20.Bg5 Rfd8 21.Rac1 h6 22.Bxf6 Nxf6
23.Nf3 a5 24.Qc2 c5 25.dxc5 Rxd1+ 26.Qxd1 Rxc5 27.Rxc5 Qxc5 28.Qd8+ Kh7 29.Qd4 Qc2
30.Qd3+ Qxd3 31.exd3 Nd5 32.Nd4 Nb4 33.Nxb5 Nxa2 34.Na3 Nb4 35.Nc4 Nc6 36.f4 g5
37.Kf2 gxf4 38.gxf4 Kg6 39.Kf3 Kf6 40.Ke4 Ke7 41.f5 Kf6 42.fxe6 Kxe6 43.Ne3 Ne7
44.d4 f5+ 45.Kf4 Nd5+ 46.Nxd5 Kxd5 47.Kxf5 Kxd4  1/2-1/2

[Event "Bundesliga 2001-2"]
[Site "Hamburg GER"]
[Date "2002.02.03"]
[Round "7"]
[White "Schandorff,L"]
[Black "Dutreeuw,M"]
[Result "1/2-1/2"]
[WhiteElo "2545"]
[BlackElo "2345"]

1.d4 d5 2.c4 e6 3.Nf3 Be7 4.g3 Nf6 5.Bg2 O-O 6.O-O dxc4 7.Qc2 a6 8.a4 Bd7
9.Qxc4 Bc6 10.Bg5 Bd5 11.Qc2 Be4 12.Qd1 c5 13.dxc5 Bxc5 14.Qxd8 Rxd8 15.Nbd2 Bc6
16.Nb3 Nbd7 17.Rfc1 Bb4 18.Bxf6 gxf6 19.Nfd4 Bxg2 20.Kxg2 Rac8 21.Rc2 Rxc2
22.Nxc2 Be7 23.Ne1 Rc8 24.Rd1 Rc7 25.Nd3 f5 26.Rc1 Rxc1 27.Nbxc1 Nb6 28.b3 Kf8
29.Kf3 Bd6 30.h3 Nd5 31.g4 fxg4+ 32.hxg4 f5 33.gxf5 exf5 34.e4 fxe4+ 35.Kxe4 Ne7
36.Ne2 Kf7 37.Nb2 Kf6 38.Nc4 Bc7 39.Nd4 h5 40.f4 Ng6 41.Ne2 b5 42.axb5 axb5
43.Ne3 Bd6 44.Nd5+ Kf7 45.Nd4 b4 46.Nc6 h4 47.f5 Nf8 48.Ncxb4 Bxb4 49.Nxb4 h3
50.Nd3 h2 51.Nf2 Nd7 52.b4 Nb6 53.b5 Nc4 54.Kd4 Nb6 55.Ke5 Nc4+ 56.Kf4 Nb6
57.Ke5 Nc4+ 58.Kd5 Nb6+ 59.Kd6 Nc4+ 60.Kd5  1/2-1/2

[Event "Mimoza Open"]
[Site "Herceg Novi YUG"]
[Date "2002.02.04"]
[Round "1"]
[White "Bistric,F"]
[Black "Prijovic,M"]
[Result "1-0"]
[WhiteElo "2486"]
[BlackElo "2173"]

1.d4 e6 2.c4 d5 3.Nf3 Nf6 4.g3 Be7 5.Bg2 O-O 6.O-O h6 7.Qc2 Nbd7 8.Rd1 Ne4
9.Nc3 Nxc3 10.Qxc3 Nf6 11.b4 dxc4 12.Qxc4 c6 13.Ne5 Qb6 14.Rb1 a5 15.b5 Nd5
16.Bd2 c5 17.e4 Nf6 18.Be3 cxd4 19.Bxd4 Qd6 20.Nc6 bxc6 21.e5 Qa3 22.exf6 gxf6
23.Bxc6 e5 24.Bb2  1-0

[Event "Mimoza Open"]
[Site "Herceg Novi YUG"]
[Date "2002.02.04"]
[Round "1"]
[White "Tosic,M"]
[Black "Vulinovic,R"]
[Result "1/2-1/2"]
[WhiteElo "2495"]
[BlackElo "2219"]

1.d4 d5 2.c4 e6 3.Nf3 Nf6 4.g3 Be7 5.Bg2 O-O 6.Qc2 a6 7.Nbd2 dxc4 8.Nxc4 b5
9.Nce5 Bb7 10.Bd2 Be4 11.Qc1 Qc8 12.b4 Qb7 13.O-O Rd8 14.Rd1 Nbd7 15.Nd3 Bxd3
16.exd3 Nd5 17.a3 Bf6 18.Re1 Qb6 19.Re4 Rac8 20.Ra2 g6 21.Rc2 c6 22.h4 h5
23.g4 hxg4 24.Rxg4 Bg7 25.Bg5 N7f6 26.Re4 Re8 27.Ree2 Nh5 28.Ne5 Qxd4 29.Nxc6 Qg4
30.Re4 Qf5 31.Rc5 Bf6 32.d4 Bxg5 33.Qxg5 Kg7 34.Qxf5 gxf5 35.Re1 Nhf4 36.Ne5 Nxg2
37.Kxg2 Ra8 38.Kf3 Rh8 39.Rh1 Rh5 40.Ke2 Rah8 41.Nf3 Ra8 42.Rhc1 a5 43.Rxb5 axb4
44.axb4 Ra2+ 45.Kf1 Ra3 46.Ne5 Rxh4 47.Rxd5 exd5 48.Rc7 Rxd4 49.Rxf7+ Kh6
50.Rxf5 Rxb4 51.Kg2 d4 52.Rf4 Rb5 53.Nf3 Rd5 54.Rxd4  1/2-1/2

[Event "7th HIT Open"]
[Site "Nova Gorica SLO"]
[Date "2002.02.04"]
[Round "5"]
[White "Kozul,Z"]
[Black "Zelcic,R"]
[Result "1/2-1/2"]
[WhiteElo "2606"]
[BlackElo "2544"]

1.d4 Nf6 2.c4 e6 3.g3 d5 4.Bg2 Be7 5.Nf3 O-O 6.O-O dxc4 7.Qc2 a6 8.a4 Bd7
9.Qxc4 Bc6 10.Bg5 a5 11.Nc3 Na6 12.Bxf6 Bxf6 13.e4 Nb4 14.Rfd1 b6 15.Rd2 Bb7
16.Qe2 g6 17.Qe3 Qe7 18.e5 Bg7 19.Ng5 Bxg2 20.Kxg2 Rad8 21.f4 c5 22.dxc5 Rxd2+
23.Qxd2 Rd8 24.Qe2 Qxc5 25.Rd1 Rxd1 26.Qxd1 Qc6+ 27.Kh3 Nd5 28.Nge4 Qd7 29.Qd2 f6
30.exf6 Bxf6 31.Nxf6+ Nxf6 32.Qxd7 Nxd7 33.Ne4 e5 34.Kg4 exf4 35.Kxf4 h6
36.Ke3 Kf7 37.Kd3 Ke6 38.Kc4 h5 39.Kb5 Kd5 40.Nd2 Kd6 41.Nc4+ Kc7 42.h4 Kb7
43.Nd6+ Kc7 44.Nf7 Kb7 45.Nd8+ Kc7 46.Ne6+ Kb7 47.Kc4 Kc6 48.Nf4 Ne5+ 49.Kd4 Kd6
50.Ke4 Nc4 51.Nxg6 Nxb2 52.g4 Ke6 53.Nf4+ Kf7 54.g5 Nxa4 55.Kf5 Nc5 56.g6+ Kf8
57.Kg5 a4 58.Kh6 Kg8 59.g7 Nd7 60.Nd5 Kf7 61.Nxb6 Nf6 62.Nxa4 Ne8  1/2-1/2

[Event "Aeroflot Open"]
[Site "Moscow RUS"]
[Date "2002.02.09"]
[Round "8"]
[White "Miton,K"]
[Black "Zavgorodniy,S"]
[Result "1/2-1/2"]
[WhiteElo "2521"]
[BlackElo "2407"]

1.d4 Nf6 2.c4 e6 3.g3 d5 4.Bg2 Be7 5.Nf3 O-O 6.O-O dxc4 7.Nc3 Nbd7 8.e4 c5
9.d5 exd5 10.exd5 Nb6 11.Ne5 Bd6 12.f4 Re8 13.a4 a5 14.h3 h5 15.Qf3 Qc7 16.Bd2 Bd7
17.Nxd7 Qxd7 18.Rfd1 Bf8 19.d6 Qxd6 20.Be1 Qe6 21.Qxb7 Rab8 22.Qf3 Qf5 23.Rd2 Nc8
24.Rad1 Nd6 25.Qf1 Nde4 26.Nxe4 Nxe4 27.Re2 Rb3 28.Kh2 Rd3 29.Rc1 Qg6 30.f5 Qg5
31.Qf4 Qxf4 32.gxf4 Bd6 33.Bxe4 Bxf4+ 34.Kg2 Rxe4 35.Rxe4 Bxc1 36.Rxc4 Bd2
37.Bxd2 Rxd2+ 38.Kf3 Rxb2 39.Rxc5 Rb3+ 40.Kg2 Rb2+ 41.Kf3 Rb3+  1/2-1/2

[Event "FSFMA February"]
[Site "Budapest HUN"]
[Date "2002.02.11"]
[Round "10"]
[White "Ladanyi,G"]
[Black "Kalmar,K"]
[Result "0-1"]
[WhiteElo "2004"]
[BlackElo "2104"]

1.d4 d5 2.c4 e6 3.Nf3 Nf6 4.g3 Be7 5.Bg2 O-O 6.O-O Nbd7 7.Qc2 Ne4 8.Nbd2 f5
9.cxd5 exd5 10.Qb3 c6 11.Ne5 Ndf6 12.f3 Nxd2 13.Bxd2 Qb6 14.Qxb6 axb6 15.f4 Be6
16.a3 Ra4 17.e3 Ne4 18.Bxe4 dxe4 19.Bc3 Rfa8 20.Rac1 Rd8 21.h3 Raa8 22.g4 g6
23.g5 Bd5 24.Rf2 Kg7 25.Rg2 Rac8 26.Kf2 Bd6 27.h4 Re8 28.Nd7 Bc7 29.Nf6 Rh8
30.h5 Bd6 31.h6+ Kf7 32.Nd7 Bc7 33.Rgg1 Ke6 34.Nf6 Bd6 35.b4 Be7 36.Nxd5 cxd5
37.Bb2 Kd7 38.Ke2 b5 39.Kd2 Rc4 40.Rc3 Ra8 41.Kc2 Bd6 42.Kb3 Rac8 43.Rgc1 R8c6
44.Rxc4 bxc4+ 45.Kc3 Rb6 46.Rb1 Kc6 47.Bc1 Kb5 48.Ra1 Ra6 49.Bb2 Ra4 50.Rb1 Ra8
51.Ra1 b6 52.Ra2 Bxb4+ 53.Kc2 Bd6 54.Bc1 Ra4 55.Kc3 Ka5 56.Kb2 b5 57.Bd2+ b4
58.axb4+ Bxb4 59.Bc1 Rxa2+ 60.Kxa2 Ka4  0-1

[Event "Petrov Mem Open"]
[Site "St Petersburg RUS"]
[Date "2002.02.14"]
[Round "3"]
[White "Yevseev,D"]
[Black "Kryschilovskij,A"]
[Result "1/2-1/2"]
[WhiteElo "2540"]
[BlackElo "2346"]

1.d4 Nf6 2.c4 e6 3.g3 d5 4.Bg2 Be7 5.Nf3 O-O 6.O-O dxc4 7.Na3 c5 8.dxc5 Bxc5
9.Nxc4 Nc6 10.a3 a5 11.Nfe5 Nxe5 12.Nxe5 Nd7 13.Nd3 Bd4 14.Qc2 Qb6 15.Bd2 Nb8
16.e3 Bf6 17.Bc3 Bxc3 18.Qxc3 Bd7 19.Qc5 Ra6 20.Rac1 Bc6 21.Rfd1 Bxg2 22.Kxg2 Nd7
23.Qc7 Nf6 24.Ne5 h6 25.Rc2 Qxc7 26.Rxc7 Rb6 27.Rd2 Rb5 28.Nc4 Nd5 29.Rd7  1/2-1/2

[Event "Petrov Mem Open"]
[Site "St Petersburg RUS"]
[Date "2002.02.15"]
[Round "4"]
[White "Lysyj,I"]
[Black "Lanin,A"]
[Result "1/2-1/2"]
[WhiteElo "2330"]
[BlackElo "2221"]

1.d4 Nf6 2.c4 e6 3.g3 d5 4.Bg2 Be7 5.Nf3 O-O 6.O-O Nbd7 7.Qc2 c6 8.Nbd2 b5
9.c5 Nh5 10.e4 f5 11.exd5 exd5 12.a4 b4 13.Qb3 Rb8 14.Re1 g5 15.Qe3 Rf7 16.Nb3 f4
17.Qd3 Qc7 18.Bd2 Bf6 19.g4 Ng7 20.h3 Nf8 21.Re2  1/2-1/2

[Event "TCh-FIN 2001-02"]
[Site "FIN"]
[Date "2002.02.16"]
[Round "7"]
[White "Franssila,T"]
[Black "Raaste,E"]
[Result "1/2-1/2"]
[WhiteElo "2254"]
[BlackElo "2327"]

1.d4 Nf6 2.c4 e6 3.g3 d5 4.Bg2 Be7 5.Nf3 O-O 6.O-O dxc4 7.Qc2 Bd7 8.Qxc4 Bc6
9.Bg5 Nbd7 10.Nc3 a5 11.Rfe1 a4 12.e4 h6 13.Bxf6 Bxf6 14.Rad1 Nb6 15.Qd3 Ra5
16.h4 Qa8 17.d5 Bxc3 18.Qxc3 exd5 19.Nd4 dxe4 20.Nxc6 bxc6 21.Bxe4 Nd5 22.Bxd5 Rxd5
23.Rxd5 cxd5 24.Re7 c6 25.Rc7 Rc8 26.Rxc8+ Qxc8 27.Qa5 Qb8 28.Qxa4 Qxb2 29.Qxc6 Qxa2
30.Qc8+  1/2-1/2

[Event "Petrov Mem Open"]
[Site "St Petersburg RUS"]
[Date "2002.02.17"]
[Round "6"]
[White "Psakhis,L"]
[Black "Zatonskih,A"]
[Result "1/2-1/2"]
[WhiteElo "2572"]
[BlackElo "2413"]

1.d4 e6 2.c4 Nf6 3.g3 d5 4.Bg2 Be7 5.Nf3 O-O 6.O-O dxc4 7.Qc2 a6 8.Qxc4 b5
9.Qc2 Bb7 10.Bg5 Nbd7 11.Bxf6 Nxf6 12.Nbd2 Rc8 13.Nb3 Be4 14.Qc3 Nd5 15.Qd2 Bb4
16.Qd1 c5 17.dxc5 Bxc5 18.Nxc5 Rxc5 19.Rc1 Qc7 20.Qd2 Rc8 21.Rxc5 Qxc5 22.Rd1 h6
23.Ne1 Bxg2 24.Kxg2 Qc4 25.a3 b4 26.axb4 Nxb4  1/2-1/2

[Event "Petrov Mem Open"]
[Site "St Petersburg RUS"]
[Date "2002.02.17"]
[Round "6"]
[White "Biriukov,O"]
[Black "Vunder,A"]
[Result "1-0"]
[WhiteElo "2378"]
[BlackElo "2273"]

1.d4 d5 2.c4 e6 3.Nf3 Nf6 4.g3 Be7 5.Bg2 O-O 6.O-O dxc4 7.Ne5 Nc6 8.Bxc6 bxc6
9.Nxc6 Qe8 10.Nxe7+ Qxe7 11.Qa4 c5 12.Qc6 Bb7 13.Qxc5 Qd7 14.f3 Rfd8 15.Be3 Rac8
16.Qa5 Nd5 17.Bf2 Ne7 18.Qxa7 Nd5 19.Qa5 c3 20.Nxc3 Ra8 21.Qc5 Rac8 22.Qa5 Ra8
23.Qc5 Rac8 24.Qa3 Ra8 25.Qb3 e5 26.dxe5 Ra6 27.Nxd5 Bxd5 28.Qd3 Rh6 29.Be3 Rg6
30.Bf4 Qe8 31.Rfd1  1-0

[Event "Petrov Mem Open"]
[Site "St Petersburg RUS"]
[Date "2002.02.17"]
[Round "6"]
[White "Lysyj,I"]
[Black "Ivanov,Al3"]
[Result "1-0"]
[WhiteElo "2330"]
[BlackElo "2191"]

1.d4 d5 2.Nf3 Nf6 3.c4 e6 4.g3 Be7 5.Bg2 O-O 6.O-O dxc4 7.Qc2 a6 8.a4 Bd7
9.Qxc4 Bc6 10.Bg5 a5 11.Nc3 Na6 12.Bxf6 Bxf6 13.e4 Nb4 14.Rfd1 b6 15.Rac1 Bb7
16.Qe2 Rc8 17.h4 g6 18.Bh3 c6 19.e5 Bg7 20.Ne4 Ba6 21.Qe3 Nd5 22.Qd2 Rc7
23.Bg2 Nb4 24.Nd6 c5 25.dxc5 bxc5 26.Bf1 Bxf1 27.Kxf1 Qa8 28.Qe2 Bxe5 29.Nb5 Rcc8
30.Kg2 Bg7 31.h5 g5 32.Kg1 h6 33.b3 Nd5 34.Ne5 Rfd8 35.Nc4 Qa6 36.Rd2 Ra8
37.Rcd1 Qc6 38.Rd3 Bf6 39.Ne5 Qb7 40.Qe4 Qb6 41.Nc4 Qc6 42.Ne5 Qb6 43.Rf3 Bxe5
44.Qxe5 Qb8 45.Qe4 Nf6 46.Rxd8+ Qxd8 47.Rxf6  1-0

[Event "Anibal Open"]
[Site "Linares ESP"]
[Date "2002.03.02"]
[Round "2"]
[White "Romanishin,O"]
[Black "Suarez Pousa,D"]
[Result "1-0"]
[WhiteElo "2576"]
[BlackElo "2398"]

1.d4 Nf6 2.Nf3 e6 3.g3 d5 4.Bg2 Be7 5.c4 O-O 6.O-O dxc4 7.Qc2 a6 8.a4 Nbd7
9.Nbd2 Nb6 10.Rd1 Bd7 11.Ne5 Rb8 12.e4 Qe8 13.Nxd7 Nbxd7 14.Nxc4 Bb4 15.Qb3 a5
16.Bf4 Rc8 17.Rac1 Qe7 18.Bd2 Bxd2 19.Rxd2 b6 20.Rdc2 Rcd8 21.Ne3 Ne8 22.e5 Nb8
23.Qc4 Qd7 24.d5 Qe7 25.dxe6 Qxe6 26.f4 Qxc4 27.Rxc4 Na6 28.Bc6 g6 29.Nd5 Kh8
30.g4 Ng7 31.Rf1 Ne6 32.f5 Nec5 33.Nf6 Nb4 34.Be4 Nxe4 35.Rxe4 Kg7 36.Rc4 c5
37.g5 gxf5 38.Rh4 Rh8 39.Rh6 Nd5 40.Nh5+ Kf8 41.e6 fxe6 42.Rxe6 Kf7 43.Rh6 Rdf8
44.Rxf5+ Kg8 45.Rxf8+ Kxf8 46.Rd6 Ne3 47.Nf6 Kg7 48.Rxb6 Rd8 49.Kf2 Nc4 50.Nh5+ Kf7
51.Rf6+ Kg8 52.Rc6 Rd2+ 53.Kg3 Nxb2 54.Rxc5 Nxa4 55.Rc7 Rd3+ 56.Kg4 Rd4+
57.Kf5 Rd5+ 58.Ke6 Rd8 59.Nf6+ Kf8 60.Rf7+  1-0

[Event "FSGM March"]
[Site "Budapest HUN"]
[Date "2002.03.03"]
[Round "2"]
[White "Flumbort,A"]
[Black "Balogh,C"]
[Result "1/2-1/2"]
[WhiteElo "2436"]
[BlackElo "2398"]

1.Nf3 Nf6 2.c4 e6 3.g3 d5 4.d4 Be7 5.Bg2 O-O 6.O-O dxc4 7.Qc2 a6 8.a4 Bd7
9.Qxc4 Bc6 10.Bg5 Bd5 11.Qc2 Be4 12.Qd1 h6 13.Bf4 c5 14.Nbd2 Bc6 15.dxc5 Nbd7
16.Nb3 Nxc5 17.Qxd8 Rfxd8 18.Nxc5 Bxc5 19.Rfc1  1/2-1/2

[Event "ch-RUS Boys U20"]
[Site "Vladimir RUS"]
[Date "2002.03.08"]
[Round "7"]
[White "Sultangareev,M"]
[Black "Klyashtorny,V"]
[Result "1-0"]
[WhiteElo "2327"]
[BlackElo "2327"]

1.d4 Nf6 2.c4 e6 3.g3 d5 4.Nf3 Be7 5.Bg2 O-O 6.O-O c6 7.b3 b5 8.c5 Nfd7 9.Bb2 f5
10.Nbd2 Bf6 11.Qc2 Na6 12.Bc3 Nc7 13.b4 Qe7 14.Nb3 Bb7 15.Ne5 Bxe5 16.dxe5 Rf7
17.f4 g5 18.e3 Nf8 19.Nd4 gxf4 20.gxf4 a5 21.a3 a4 22.Kh1 Ng6 23.Rg1 Kf8
24.Bh3 Qd7 25.Rg5 Ke7 26.Rag1 Raf8 27.Be1 Qe8 28.Bf1 Kd7 29.h4 Rg8 30.Bd3 Qf8
31.Qg2 Qh6 32.h5 Rff8 33.Qh3 Ne7 34.Bh4 Ne8 35.Rxg8 Nxg8 36.Bg5 Qg7 37.Bf6 Qh6
38.Nxe6 Rxf6 39.exf6 Ngxf6 40.Qxf5 Ke7 41.Nd4 Ng7 42.Qg5 Qxh5+ 43.Qxh5 Ngxh5
44.Nf5+ Kd8 45.Ng7 Bc8 46.Nxh5 Nxh5 47.Bxh7 Nf6 48.Bd3 Bg4 49.Rg3 Ke7 50.Kg1 Kf7
51.Rg2 Bf3 52.Rh2 Kg7 53.Rh3 Bg4 54.Rh4 Bf3 55.Kf2 Bh5 56.Ke1 Bf7 57.Kd2 Nh5
58.Rg4+ Kf6 59.Kc3 Ng7 60.Rg1 Ne8 61.Rh1 Kg7 62.Kd4 Nf6 63.Bf5 Be8  1-0

[Event "TCh-AUT 2001-2"]
[Site "Dornbirn AUT"]
[Date "2002.03.09"]
[Round "10"]
[White "Bischoff,K"]
[Black "Wells,P"]
[Result "1/2-1/2"]
[WhiteElo "2558"]
[BlackElo "2517"]

1.c4 e6 2.g3 d5 3.Bg2 Nf6 4.Nf3 Be7 5.d4 O-O 6.Qc2 c5 7.dxc5 Qa5+ 8.Qc3 Qxc5
9.cxd5 Qxd5 10.O-O Nc6 11.Qd2 Rd8 12.Nc3 Qf5 13.Qg5 Qxg5 14.Bxg5 h6 15.Be3 e5
16.h3 Be6 17.Rfc1 Nd5 18.Nxd5 Bxd5 19.Nd2  1/2-1/2

[Event "Mediteran Cup IM"]
[Site "Rijeka CRO"]
[Date "2002.03.10"]
[Round "2"]
[White "Brkic,A"]
[Black "Plenkovic,Z"]
[Result "1/2-1/2"]
[WhiteElo "2312"]
[BlackElo "2208"]

1.d4 d5 2.c4 e6 3.Nf3 Nf6 4.g3 Be7 5.Bg2 O-O 6.O-O dxc4 7.Qc2 Bd7 8.Ne5 Bc6
9.Nxc6 Nxc6 10.Bxc6 bxc6 11.Qxc4 Qd5 12.Nd2 Rfd8 13.Qxd5 Rxd5 14.Nf3 c5 15.dxc5 Bxc5
16.Bf4 Bd6 17.Be3 Ng4 18.Bd2 Ne5 19.Bc3 Nxf3+ 20.exf3 Rd8 21.Rac1 f5 22.f4 Kf7
23.Kg2 Rd7 24.Rfe1 Bc5 25.Re2 Rd1 26.Rec2 Rxc1 27.Rxc1 Bb6 28.Kf3 g6 29.Ke2 Ke8
30.Rc2 Rd5 31.b3 Kd7 32.a4 Bd4 33.Bb4 c5 34.Ba3 Kd6 35.Rc4 e5 36.fxe5+ Rxe5+
37.Kf1 Kd5 38.Rc2 g5 39.h3 g4 40.hxg4 fxg4 41.Re2 Rf5 42.Bb2 Rf3 43.Bxd4 cxd4
44.Re7 d3 45.Rxa7 Kd4 46.Ke1 Kc3 47.Rc7+ Kxb3 48.Kd2 Kxa4 49.Rxh7 Rxf2+  1/2-1/2

[Event "Masters"]
[Site "Wroxham ENG"]
[Date "2002.03.15"]
[Round "9"]
[White "Gormally,D"]
[Black "Bauer,Ch"]
[Result "1/2-1/2"]
[WhiteElo "2506"]
[BlackElo "2578"]

1.d4 Nf6 2.Nf3 d5 3.c4 e6 4.g3 Be7 5.Bg2 O-O 6.O-O dxc4 7.Qc2 a6 8.a4 Bd7
9.Qxc4 Bc6 10.Bg5 Bd5 11.Qd3  1/2-1/2

[Event "Spring Festival"]
[Site "Budapest HUN"]
[Date "2002.03.16"]
[Round "2"]
[White "Metaxasz,V"]
[Black "Lengyel,B"]
[Result "0-1"]
[WhiteElo "2183"]
[BlackElo "2354"]

1.d4 d5 2.Nf3 Nf6 3.c4 e6 4.g3 Be7 5.Bg2 O-O 6.O-O dxc4 7.Qc2 a6 8.a4 Bd7
9.Qxc4 Bc6 10.Bg5 Bd5 11.Qc1 Nc6 12.e3 Ne4 13.Bxe7 Qxe7 14.Nc3 Nxc3 15.Qxc3 a5
16.Rfe1 Be4 17.Rec1 Rfd8 18.Ne1 Bxg2 19.Kxg2 e5 20.dxe5 Rd5 21.Nf3 Rad8 22.Ra3 R8d7
23.Rb3 Nb4 24.Qc4 b6 25.e4 Rc5 26.Qf1 Rxc1 27.Qxc1 Qe6 28.Rc3 c5 29.Qf4 h6
30.Qf5 Rd1 31.h4 Rb1 32.b3 Rd1 33.h5 Nc6 34.g4 Kf8 35.Qf4 Nb4 36.g5 Nd3 37.Qg3 Ke8
38.gxh6 Qxh6 39.e6 Nf4+ 40.Kh2 Qxh5+ 41.Qh4 Qxh4+ 42.Nxh4 Nxe6 43.Nf5 Kd7
44.Ne3 Rd4 45.f3 Nf4 46.Nc4 Kc7 47.Re3 Rd1 48.Kg3 Ne6 49.Ne5 f6 50.Rd3 Rxd3
51.Nxd3 Nd4 52.Nc1 g5 53.Kg4 Kd6 54.Kh5 Nxf3  0-1

[Event "TCh-FIN 2001-02"]
[Site "FIN"]
[Date "2002.03.17"]
[Round "9"]
[White "Hentunen,A"]
[Black "Keskisarja,T"]
[Result "0-1"]
[WhiteElo "2317"]
[BlackElo "2285"]

1.c4 Nf6 2.g3 e6 3.Bg2 d5 4.Nf3 Be7 5.d4 O-O 6.O-O dxc4 7.Ne5 Nc6 8.Nxc6 bxc6
9.Na3 Rb8 10.Nxc4 c5 11.Na5 Rb6 12.Nc6 Qd7 13.Nxe7+ Qxe7 14.dxc5 Rb5 15.c6 Nd5
16.e4 Nb6 17.a4 Rc5 18.a5 Nc4 19.Qe2 e5 20.b3 Nd6 21.Ba3 Rxc6 22.Rfc1 Rxc1+
23.Rxc1 Be6 24.Qa6 Qd7 25.Bf1 Rd8 26.Qxa7 Nxe4 27.Qxc7 Qd2 28.Rc2 Qd1 29.Rc1 Qd2
30.Qb6 h5 31.Qe3 Qxa5 32.b4 Qa4 33.b5 Nd2  0-1

[Event "13th Goodricke"]
[Site "Calcutta IND"]
[Date "2002.03.19"]
[Round "3"]
[White "Sharma,D"]
[Black "Mohota,N"]
[Result "1/2-1/2"]
[WhiteElo "2380"]
[BlackElo "2257"]

1.Nf3 d5 2.d4 Nf6 3.c4 e6 4.g3 Be7 5.Bg2 O-O 6.Qc2 c6 7.O-O b6 8.b3 Bb7 9.Nc3 Nbd7
10.e4 dxe4 11.Nxe4 c5 12.Nxf6+ Nxf6 13.dxc5 bxc5 14.Bb2 Be4 15.Qc3 Qc7 16.Ne5 Bxg2
17.Kxg2 Qb7+ 18.f3 a5 19.Rad1 Rfc8 20.Rd3 Qb4 21.Qc2 a4 22.Bc3 axb3 23.axb3 Qb7
24.Rfd1 Rd8 25.Bb2 h6 26.Qc3 Rxd3 27.Rxd3 Rd8 28.Rxd8+ Bxd8 29.Nd3 Be7 30.Nf2 Bf8
31.Kf1 Nd7 32.Ke2 f6 33.Nd3 Kf7 34.Qc2  1/2-1/2

[Event "13th Goodricke"]
[Site "Calcutta IND"]
[Date "2002.03.19"]
[Round "3"]
[White "Fominyh,A"]
[Black "Yegiazarian,A"]
[Result "1/2-1/2"]
[WhiteElo "2536"]
[BlackElo "2567"]

1.d4 Nf6 2.Nf3 e6 3.c4 d5 4.g3 Be7 5.Bg2 O-O 6.O-O dxc4 7.Qc2 a6 8.Qxc4 b5
9.Qc2 Bb7 10.Bd2 Nbd7 11.Ba5 Rc8 12.Nbd2 Qe8 13.Nb3 c5 14.dxc5  1/2-1/2

[Event "Open"]
[Site "Mar del Plata ARG"]
[Date "2002.03.27"]
[Round "6"]
[White "Arambel,S"]
[Black "Leskovar,Mat"]
[Result "0-1"]
[WhiteElo "2225"]
[BlackElo "2061"]

1.c4 Nf6 2.g3 e6 3.Bg2 d5 4.d4 Be7 5.Nf3 O-O 6.O-O c6 7.Qc2 Nbd7 8.Rd1 b6
9.b3 Bb7 10.Nc3 Qc7 11.Bf4 Bd6 12.Bxd6 Qxd6 13.e4 Nxe4 14.Nxe4 dxe4 15.Qxe4 Nf6
16.Qe2 c5 17.Qe5 Qe7 18.dxc5 bxc5 19.Qd6 Qxd6 20.Rxd6 a5 21.Rad1 a4 22.Ne5 Bxg2
23.Kxg2 Ne4 24.Rd7 axb3 25.axb3 Ra2 26.Nd3 h6 27.Kf3 f5 28.h4 Rb8 29.b4 cxb4
30.c5 Rc8 31.Rc1 b3 32.c6 b2 33.Nxb2 Rxb2 34.c7 Rd2 35.Re7 Rd6  0-1

[Event "Foxwoods Open"]
[Site "Connecticut USA"]
[Date "2002.03.29"]
[Round "2"]
[White "Benen,S"]
[Black "Strenzwilk,D"]
[Result "1-0"]
[WhiteElo "2210"]
[BlackElo "2227"]

1.d4 d5 2.Nf3 e6 3.c4 Nf6 4.g3 Be7 5.Bg2 O-O 6.O-O c6 7.Nbd2 b6 8.Qc2 Bb7
9.e4 dxe4 10.Nxe4 Nbd7 11.Rd1 Re8 12.Bf4 Nxe4 13.Qxe4 Nf6 14.Qe2 Qc8 15.Ne5 c5
16.dxc5 Bxc5 17.Bg5 Bxg2 18.Kxg2 Qb7+ 19.Qf3 Qxf3+ 20.Kxf3 Rad8 21.Nc6 Rxd1
22.Rxd1 h6 23.Bxf6 gxf6 24.Nxa7 Ra8 25.Rd7 b5 26.Nxb5 Rxa2 27.Rd2 Bb4 28.Re2 Kg7
29.Ke4 Ra1 30.Kd3 h5 31.Rc2 Rd1+ 32.Ke2 Re1+ 33.Kf3 Re5 34.Nc3 Ra5 35.Ne2 Rf5+
36.Kg2 Bc5 37.Nf4 h4 38.Nd3 hxg3 39.hxg3 Bd6 40.c5 Rd5 41.Rc3 Bc7 42.b4 e5
43.c6 Bb6 44.b5 e4 45.Nf4 Rd2 46.c7 Rxf2+ 47.Kh3 Bxc7 48.Rxc7 Rb2 49.Rc5 e3
50.Rc3 e2 51.Re3 Rxb5 52.Rxe2 Ra5 53.Rb2 Rc5 54.Rd2 Ra5 55.Rd5 Ra1 56.Kg4 Ra3
57.Rd6 Ra4 58.Kf5 Ra5+ 59.Rd5 Ra3 60.Nh5+ Kh6 61.Kxf6  1-0

[Event "Bundesliga 2002-3"]
[Site "Baden Oos GER"]
[Date "2002.03.30"]
[Round "15"]
[White "Buhmann,R"]
[Black "Lutz,C"]
[Result "1/2-1/2"]
[WhiteElo "2525"]
[BlackElo "2640"]

1.d4 Nf6 2.c4 e6 3.g3 d5 4.Nf3 Be7 5.Bg2 O-O 6.O-O dxc4 7.Qc2 a6 8.Qxc4 b5
9.Qc2 Bb7 10.Bf4 Nc6 11.Rd1 Nb4 12.Qc1 Rc8 13.Nc3 Nbd5 14.Nxd5 Bxd5 15.Be3 c6
16.Ne1 Bxg2 17.Kxg2 Nd5 18.Nd3 Nxe3+ 19.Qxe3 Qd5+ 20.f3 Rfd8 21.Nf4 Qd6 22.Rac1 h6
23.Rd3 Qb4 24.Rc2 Qa4 25.b3 Qb4 26.h4 Bf6 27.Qe4 Qd6 28.Nh5 Be7 29.Nf4 Bf6
30.e3 e5 31.dxe5 Qxe5 32.Qxe5 Bxe5 33.Rxc6 Bxf4 34.exf4 Rxc6 35.Rxd8+ Kh7
36.Rd2 Rc3 37.h5 a5 38.g4 f6 39.Kg3 a4 40.bxa4 bxa4 41.f5 Ra3 42.Kf4 Kg8
43.Ke4 Kf7 44.Rf2 Ke7 45.Kd4 Kd6 46.Kc4 Re3 47.Rd2+ Ke5 48.Rd7 Rxf3 49.Rxg7 Ra3
50.Rg6 Rxa2 51.Kb4  1/2-1/2

[Event "New White Plus GM open"]
[Site "Dhaka BAN"]
[Date "2002.03.30"]
[Round "1"]
[White "Fominyh,A"]
[Black "Mohota,N"]
[Result "1/2-1/2"]
[WhiteElo "2536"]
[BlackElo "2257"]

1.d4 d5 2.c4 e6 3.Nf3 Nf6 4.g3 Be7 5.Bg2 O-O 6.O-O dxc4 7.Qc2 a6 8.Qxc4 b5
9.Qc2 Bb7 10.Bd2 Be4 11.Qc1 Bb7 12.Bf4 Bd6 13.Rd1 Nbd7 14.Nc3 Qb8 15.Be5 c5
16.Qf4 Nxe5 17.dxe5 Bc7 18.Qh4 Bxe5 19.Nxe5 Bxg2 20.Nxf7 Rxf7 21.Kxg2 Qb7+
22.Kg1 b4 23.Na4 Qb5 24.b3 Qxe2 25.Re1 Qf3 26.Re3 Qf5 27.Qf4 Qxf4 28.gxf4 Nd5
29.Rxe6 Nxf4 30.Re3 Rf5 31.Rae1 Raf8 32.Re8 g5 33.Rxf8+ Kxf8 34.f3 c4 35.bxc4 Ra5
36.Nb6 Rxa2 37.c5 Rc2 38.Nd7+ Kg7 39.Re7+ Kg6 40.Nf8+ Kf6 41.Rb7 h6 42.h4 a5
43.Nh7+ Ke5 44.hxg5 hxg5 45.Kf1 Rc1+ 46.Kf2 Nd3+ 47.Ke3 Nxc5 48.Rb5 Rc3+
49.Ke2 b3 50.Nxg5 Kd4 51.f4 Rc2+ 52.Kd1 a4 53.Nf3+ Ke3 54.Ne1 Rd2+ 55.Kc1 b2+
56.Kb1 Nb3 57.f5 Nd4 58.Rxb2 Rd1+ 59.Ka2 Rxe1 60.Ka3 Ra1+ 61.Kb4 Nxf5 62.Rh2 Kd3
63.Rh3+ Ne3 64.Rf3 Ke4 65.Rh3 Nd5+ 66.Kc4 Rc1+ 67.Kb5 Ra1 68.Kc4 Ne3+ 69.Kb4 Kd3
70.Rf3 Ke2 71.Rh3 Nc2+ 72.Kc4 a3 73.Rh2+ Kd1 74.Rh1+ Ne1 75.Kb3 Kd2 76.Rh2+ Ke3
77.Rh1 Kd2 78.Rh2+ Ke3 79.Rh1 Kd2 80.Rh2+ Kc1 81.Rh1 Kd1 82.Rh2 Kc1 83.Rh1 Kd2
84.Rh2+ Ke3 85.Rh1 Kf2 86.Rh2+ Ng2 87.Rh8 Ne3 88.Ra8 Rb1+ 89.Kc3 Nd5+ 90.Kd4 Rd1+
91.Kc5 Rd3 92.Rh8 Ke2 93.Kc4 Rc3+ 94.Kxd5 Kd2 95.Kd4 Rf3 96.Kc4 Kc2 97.Rh2+ Kb1
98.Rh1+ Kb2  1/2-1/2